Quizzes
Events
Quiz Creation
Community
Videos
Private Events
Remove Ads
Sign In
Join for FREE
Feedback
Dark Mode
Quiz Categories
Sports
Geography
Music
Movies
Television
Just For Fun
Miscellaneous
History
Literature
Language
Science
Gaming
Entertainment
Religion
Holiday
For Kids
Quiz Lab
Recent
Popular Today
Quiz Kudos Today
Editor Picks
Curator Picks
Quizzes by...
Day
Popularity
Type
Ratings
Length
Year
Community
Subscriptions
Recent Discussions
Orange Saloon
Badges
Playlists
Quests
Create
Leaderboards
Showdown
Live 5
Trivia Bingo
Activity
Puzzle Library
Sporcle Events
Private Events
Virtual Trivia
Globe League
Become a Host
Pub Owners
SporcleCon
Opinionation
Our Games
Videos
Blog
Mobile Apps
Partnerships
Remove Ads and Go Orange
Feedback
Music
Pop Music
The Beatles
Song
Album
Lyrics
Bands
Singers
Artist
Clip
Rock
Rap
Classical
Billboard
Country Music
Kpop
Taylor Swift
Music
Pop Music
The Beatles
Song
Album
Lyrics
Bands
Singers
Artist
Clip
Rock
Rap
Classical
Billboard
Country Music
Kpop
Taylor Swift
Random Quiz
Search Sporcle
×
Quiz Lab
Quiz Lab
Music
Song
Type in answers that appear in a list
Type in answers that appear in a list
Classic
Best Score? Go Orange.
Name the N-Dubz songs Stats
Can you name the names the N-Dubz songs?
By
hollyhepples
5m
40 Questions
246 Plays
246 Plays
246 Plays
Comments
Comments
Give Quiz Kudos
Give Quiz Kudos
-
- Ratings
hide this ad
Replay
Link that replays current quiz
Next Quiz
Link to next quiz in quiz playlist
You Got
0%
They Got
Avg Score
49%
Avg Friend Score
Upgrade to see
Score Distribution
Jump to the score distribution portion of the page
Score
0/40
Timer
05:00
0
Plays Today
who sings the song
song
% Correct
ndubz
playing with fire
85%
ndubz ft tinchy stryder
number 1
80.1%
ndubz
i need you
78%
ndubz
ouch
78%
ndubz
i swear
76%
ndubz
papa can you hear me
74.8%
ndubz
best behaviour
73.2%
ndubz
girls
71.5%
ndubz ft skepta
nana
65.9%
ndubz
say its over
65.4%
ndubz ft skepta
so alive
65.4%
ndubz
better not waste my time
61.8%
ndubz
strong again
60.2%
ndubz
wouldnt you
58.5%
ndubz
sex
56.5%
ndubz ft chipmunk
defeat you
54.9%
ndubz
morning star
54.9%
ndubz
feva las vegas
49.2%
tulisa ft lady ny
love sick
48%
ndubz
secrets
45.5%
who sings the song
song
% Correct
ndubz
we dance on
45.1%
ndubz
love live life
43.1%
ndubz
took it all away
41.9%
ndubz
cold shoulder
41.9%
ndubz
love for my slum
40.2%
ndubz
intro
39.8%
dappy,fazer and -
-
-
-
-
-
-
-
-
-
-
-
toot it and boot it
38.2%
ndubz vs _
_
_
_
_
_
_
(would give away)
ndubz vs naa
37.4%
ndubz
outro
37.4%
ndubz
let me be
36.6%
ndubz
shoulda put something on
35%
ndubz
suck yourself
35%
ndubz
duku man skit
33.7%
ndubz
scream my name
33.7%
ndubz
work work
33.7%
ndubz
no one knows
29.7%
ndubz
i dont wanna go to sleep
29.3%
ndubz
living for the moment
28.5%
tulisa
comftable
18.7%
ndubz
i got soul
16.3%
Quiz Playlist
Details
Report
Send in Message
Add To Playlist
Classic:
Type in answers that appear in a list
Last Updated: Feb 16, 2017
Quiz Scoreboard
CHALLENGE
Sign Up to Join the Scoreboard
Show All
Scores
Hide
Comments
May contain spoilers
Recently Published
An Introduction to Baseball
by treessimontrees
Sports
5m
Movies - When Are They Set?
by FPL_Elf
Movies
5m
Popular People in 1961
by mucciniale
History
6m
More to Explore
Quiz From the Vault
Featured Blog Post
Where Did the Easter Bunny Come From?
hide this ad
You Might Also Like...
Tags
Song Quiz
Sing
Today's Top Quizzes in Music
Browse Music
hide this ad
Today's Top Quizzes in Song
Browse Song
Top Contributed Quizzes in Music
1
Taylor Swift All Songs (2024)
2
Guess the Artist- 70s Songs
3
KPOP LOGIC QUIZ
4
One Thing in Common: Music
5
2010s Album by Cover III
6
Guess the Taylor Swift song (Mystery Song)
7
Taylor Swift Logic Puzzle
8
2010s Album by Cover IV
9
2010s Album by Cover V
10
Kpop Logic Quiz
Explore More
Trending Topics
Harry Potter
Kpop
Crossword
Anime
Disney
NBA
Marvel
The Office
Song
WWE
Soccer
Pokémon
Country
NFL
Puzzle
hide this ad
More By:
hollyhepples
Quiz
Plays
Rating
Category
Featured
Created
artist of the RnB song
808
1.00
Music
Jun 8, 2012
Guess The Disney leading ladies
434
1.00
Movies
Aug 4, 2012
name the N-Dubz songs
246
Music
Jan 22, 2013
nicki minaj lyrics
165
Music
May 31, 2012
disney lyrics
112
3.00
Music
Jun 2, 2012
Go to Creator's Profile
Score Distribution
Quiz Creator Spotlight
hollyhepples
Follow
Send a Message
Quizzes Created
-
Created Quiz Play Count
-
More By This Creator
Popular Quizzes Today
1
Find the Countries of Europe - No Outlines Minefield
2
Find the US States - No Outlines Minefield
3
The Countries of the World
4
Popular People in 1961
5
US States
6
Find the US States
7
1-10 Letter E Words III
8
Risky Map Clicking: Biggest States A-Z
More Music Quizzes
Josh Groban Songs
Published
Trending Quizzes
Risky Map Clicking: Least Populous States A-Z
1-10 Letter F Words
1-10 Letter G Words
Not Quite an Element Typing Challenge
One Thing in Common: United Kingdom
Recently Updated
Leaping Animals
pecheneg
Reality TV Shows (A-Z)
bhenderson79
Rickey Henderson's Hall of Fame Teammates
pecheneg
Champions League XIs: Arsenal
pecheneg
Quick Pick: Celebrities in WWE's Hall of Fame
aduchscher
A-Z Keypad Blitz II
pecheneg
Multiple Oscar Actors
pecheneg
Mystery Phrase Blitz: Oscar 'Best Actors'
pecheneg
F. Scott Fitzgerald Novels
LTH
Pick 3 Villains
ddd62291
Trending Topics
NBA
Marvel
Anime
Harry Potter
Crossword
Kpop
Disney
Pokémon
Soccer
NFL
The Office
Song
Country
WWE
Puzzle
Your Account Isn't Verified!
In order to create a playlist on Sporcle, you need to verify the email address you used during registration. Go to your
Sporcle Settings
to finish the process.
Report this User
Report this user for behavior that violates our
Community Guidelines
.
Details:
Send Report
Go to the Sporcle.com Mobile Site →
Comments